|
|
|
|
| LEADER |
00826nab#a2200313#ar4500 |
| 001 |
000016021 |
| 003 |
SVKKK |
| 005 |
00000000000000.0 |
| 008 |
c xo e sloo |
| FMT |
|
|
|
| 038 |
|
|
|a SVKKK
|
| 040 |
|
|
|a SVKKK
|b slo
|e AACR2
|
| 041 |
0 |
|
|a slo
|
| 044 |
|
|
|a xo
|c SK
|
| 080 |
|
|
|a 06
|2 1981
|
| 100 |
0 |
|
|a (jan)
|4 aut
|
| 245 |
1 |
0 |
|a Linda bozkáva šťastlivcov :
|b Otvorili festival módy a kozmetiky Žena a štýl
|c (jan) , , Hricová Ľuba
|
| 300 |
|
|
|b Fotogr. 1
|
| 650 |
0 |
4 |
|a Žena a štýl (výstava), Košice
|x 23.10.1997
|x otvorenie
|x informácie
|
| 700 |
1 |
|
|a Hricová, Ľuba
|4 aut
|
| 773 |
0 |
|
|t Lúč
|g Roč. 6, č. 245(1997), dát. 1024, s. 3
|
| 957 |
|
|
|a Košice
|
| 958 |
|
|
|a KE
|
| 958 |
|
|
|a RE
|
| 974 |
|
|
|d 971222
|a Šá
|
| 992 |
|
|
|a RBX
|
| BAS |
|
|
|
| 852 |
|
|
|a SVKKK
|b BIB
|
| 998 |
|
|
|a REG
|